000 00452nam a2200157Ia 4500
008 230718s9999 xx 000 0 und d
041 _aeng
082 _a621.03
_bPRA
100 _aPrabhakar K.
_9168836
245 _aDictionary Of Mechanical Engineering
260 _c2009
_bPacific books International
300 _a315
_d In Ref. Section
365 _cRs.
_b450.00
700 _aPrabhakar K.
_9168836
906 _dB:108090107521-Jan-2009
_cMECH
_b90
999 _c321045
_d321045